000 00455nam a2200157 4500
999 _c5427
_d5427
008 161102b xxu||||| |||| 00| 0 eng d
022 _a9770118389007
082 _aDPer 641.05 F73 Mar-Nov 2012
100 _916722
_aBarrios, Troy
245 _aLadies' night/
_cTroy Barrios.
260 _aQuezon City:
_bABS CBN Publishing, Inc.,
_c©2012.
300 _apages 68-71;
_c30 cm.
500 _aFood.
650 0 _916723
_aParties
942 _2ddc
_cPER